000
00326nam a2200145Ia 4500
100
_a
Witt/ B.I. & others
942
_c
BK
654
_a
Computer
245
_a
Software architecture & Design
260
_b
Van nostand rainhold
_a
New york
_c
1993
082
_a
5.12
_b
WIT
300
_a
324
546
_a
ENGLISH
999
_c
30145
_d
30145